| 000 | 00722nam a22002417a 4500 | ||
|---|---|---|---|
| 005 | 20170124105922.0 | ||
| 010 | _a92164 | ||
| 020 | _c00.00 | ||
| 035 | _a92164 | ||
| 037 | _bCen Lib/Ret | ||
| 040 |
_aDPL _bEN |
||
| 082 |
_a020 _bTHO |
||
| 100 |
_aThornton, John L. _94820 |
||
| 245 |
_aA mirror for library librarians : _cby John L.Thornton _bSelected readings in the history of librarianship / |
||
| 260 |
_aLondon _bGrafton & co. _c1948 |
||
| 270 |
_aLondon _bLondon |
||
| 300 |
_a207p. _c20cm(Hb) |
||
| 500 | _aIncludes bibliography and index | ||
| 650 |
_aLibrary science _9108237 |
||
| 650 |
_aLibrary -development _94822 |
||
| 650 |
_a _9108238 |
||
| 942 |
_2ddc _cEN _h020 _mTHO |
||
| 999 |
_c123219 _d123219 |
||